| 000 | 01215cam a22003017a 4500 | ||
|---|---|---|---|
| 003 | CHAP | ||
| 005 | 20220329141918.0 | ||
| 008 | 980527d1972 mx b r 00110 spa d | ||
| 010 | _a75623 | ||
| 011 | _a76595 | ||
| 035 | _a86180 | ||
| 040 | _cCHAP | ||
| 082 | 0 | 4 |
_a636.089692 _bC6Y |
| 110 | 2 |
_aComisión México-Americana para la Prevención de la Fiebre Aftosa _925755 |
|
| 245 | 1 | 0 |
_aEstudio de la vacuna contra la fiebre aftosa : _by observaciones relacionadas en México, en 1946-1954 _c/por Comisión México-Americana para la Prevención de la Fiebre Aftosa |
| 260 |
_aMéxico, D. F. : _bCentro Regional de Ayuda Técnica, _c1972. |
||
| 300 |
_a114 p. : _bcuadros ; mapas |
||
| 500 | _aPublicación bilingue | ||
| 590 |
_aBATCH-UPD _b10 _c20130110 _lUCH01 _h1605 |
||
| 590 |
_aCONVERSION _b10 _c20130109 _lUCH01 _h1341 |
||
| 650 | 1 | 4 |
_aFiebre aftosa _xVacuna. _940739 |
| 790 | _aStudies of foot-and-mouth disease vaccine : and related observations, in Mexico 1946-1954 | ||
| 901 | _aBK | ||
| 905 | _aLilia Sánchez G. | ||
| 942 | _cLIBRO | ||
| 949 |
_a636.089692 C6Y _bBC _cLIBRO _d33724000265443 _eLIBRO _fc.2 _h36012 _i86180 _sb |
||
| 949 |
_a636.089692 C6Y _bBC _cLIBRO _d33724000691184 _eLIBRO _h92697 _i86180 _sb |
||
| 999 |
_c75623 _d75623 |
||